Movies Quiz

Random Movies or Actor Quiz

Two Actors, Same Character Quiz Stats

 Plays Quiz Updated Aug 8, 2017

Support Sporcle.
Go Orange.
Score 0/18 Timer 07:00
2 Plays Today
% Correct
Johnny Depp
93.4%
Roger Moore
93%
Michelle Pfeiffer
92.3%
Andrew Garfield
91.7%
Val Kilmer
89%
Leonard Nimoy
85.4%
Judi Dench
84%
Margot Kidder
82.8%
Julianne Moore
81.5%
% Correct
Patrick Stewart
81%
Eric Bana
77.9%
Russell Crowe
77.7%
Jake Lloyd
73.1%
Jeff Bridges
68.7%
Eddie Murphy
68.6%
Richard Harris
67.8%
Martin Freeman
66.3%
Christopher Lee
56.1%

You're not logged in!

Compare scores with friends on all Sporcle quizzes.
OR
Log In
Forgot?

From the Vault

Pixelated Movie Posters

by rockgolf

Suddenly these posters seem a lot seedier than before.
Remove Ads.
Support Sporcle.
Get the best of Sporcle when you Go Orange. This ad-free experience offers more features, more stats, and more fun while also helping to support Sporcle. Thank you for becoming a member.

Show Comments

Extras

Top Quizzes Today


Score Distribution

Your Account Isn't Verified!

In order to create a playlist on Sporcle, you need to verify the email address you used during registration. Go to your Sporcle Settings to finish the process.

Report this User

Report this user for behavior that violates our Community Guidelines.

Details: